Shore protection manual
-д хадгалсан:
| Формат: | Ном |
|---|---|
| Хэл сонгох: | англи |
| Хэвлэсэн: |
Washington, D.C
U.S. Army Coastal Engineering Research Center
1977
|
| Хэвлэл: | 3a. ed |
| Нөхцлүүд: | |
| Шошгууд: |
Шошго нэмэх
Шошго байхгүй, Энэхүү баримтыг шошголох эхний хүн болох!
|
MARC
| LEADER | 00000nam a2200000 a 4500 | ||
|---|---|---|---|
| 001 | UCU3576 | ||
| 003 | CL-VaPUC | ||
| 008 | 960510e19770000US |||||||||||||||||eng|d | ||
| 082 | 0 | 4 | |a 620.414 |b SHO |2 21 |
| 245 | 1 | 0 | |a Shore protection manual |
| 250 | |a 3a. ed | ||
| 300 | |a 3 v | ||
| 942 | |c BK | ||
| 945 | |d 19960510 00:00:00 |a cmena | ||
| 260 | |a Washington, D.C |b U.S. Army Coastal Engineering Research Center |c 1977 | ||
| 650 | 0 | |a Litoral |9 331391 | |
| 650 | 0 | |a Costas |9 261336 | |
| 650 | 0 | |a Topografía costera |9 357708 | |
| 650 | 0 | |a Topografía |9 260423 | |
| 650 | 7 | |a MEDIO AMBIENTE MARINO |2 CL-VaPUC |9 360592 | |
| 650 | 0 | |a Medio ambiente físico |9 347938 | |
| 583 | |a last modification |c 19960510 00:00:00 |k Rodrigo Vera | ||
| 999 | |c 247531 |d 247529 | ||
| 952 | |0 0 |1 0 |4 0 |6 620_414000000000000_SHO_1977 |7 0 |8 A |9 263514 |a BIBING |b BIBING |d 2019-11-19 |h v.1 |i 1650548 |o 620.414 SHO 1977 |p 1650548 |r 2025-01-20 |w 2019-11-19 |y BK |k EIE | ||
| 952 | |0 0 |1 0 |4 0 |6 620_414000000000000_SHO_1977 |7 0 |8 A |9 263515 |a BIBING |b BIBING |d 2019-11-19 |h v.3 |i 1650580 |o 620.414 SHO 1977 |p 1650580 |r 2025-01-20 |w 2019-11-19 |y BK |k EIE | ||